Statystyki dla Najdroższe państwa

Kliknij tutaj aby rozwiązać quiz!

Ogólne statystyki

  • Ten quiz został rozwiązany 2,511 razy
  • Średni wynik to 7 z 20

Statystyki odpowiedzi

# Kraj % poprawnych
1,00Stany Zjednoczone
84%
1,04Norwegia
64%
1,03Szwecja
61%
1,11Australia
58%
1,31Szwajcaria
57%
1,06Finlandia
54%
1,14Dania
51%
1,34Islandia
44%
1,08Nowa Zelandia
44%
0,98Luksemburg
43%
1,34Liechtenstein
39%
0,97Irlandia
35%
1,11Izrael
23%
0,97Bahamy
9%
1,06Wyspy Marshalla
8%
1,08Palau
8%
1,08Vanuatu
8%
1,02Wyspy Salomona
8%
0,98Tuvalu
8%
0,97Barbados
5%

Rozkład punktacji

Percentyl według liczby udzielonych odpowiedzi

Procent ludzi z każdym wynikiem

Twoja historia wyników

Nie rozwiązałeś tego quizu